How I Met Your Mother Characters by Episode Count - Statistics

General Stats
  • This quiz has been taken 510 times
  • The average score is 14 of 26
Answer Stats
Episodes Answer % Correct
208 Ted Mosby
100%
208 Robin Scherbatsky
99%
208 Barney Stinson
98%
206 Lily Aldrin
97%
208 Marshall Eriksen
97%
10 Stella Zinman
71%
16 Victoria
68%
20 Carl
58%
22 Ranjit Singh
57%
14 Tracy McConnell
55%
13 Zoey Pierson
55%
12 Marvin Eriksen
48%
27 Marvin W. Eriksen
48%
10 Quinn Garvey
45%
17 Wendy
45%
13 James Stinson
44%
11 Nora
43%
10 Kevin Venkataraghavan
39%
65 Luke Mosby
30%
11 Mickey Aldrin
29%
10 Sandy Rivers
29%
12 Patrice
27%
65 Penny Mosby
25%
15 Judy Eriksen
23%
10 Marcus Eriksen
11%
11 Linus
10%
No matching quizzes found
Score Distribution
Percent of People with Each Score
Percentile by Number Answered
Your Score History
You have not taken this quiz